[Event "Match"]
[Site "www.echecsemail.com"]
[Date "2017.04.20"]
[Round "1"]
[White "Hundegana"]
[Black "Mrynmryn"]
[WhiteElo "2050"]
[BlackElo "2090"]
[Result "1-0"]
[Round "1"]
1.e4 e5
2.g3 Ng8f6
3.Bf1g2 Bf8c5
4.c3 Nb8c6
5.Ng1e2 O-O
6.h3 d5
7.exd5 Nf6xd5
8.O-O Bc8f5
9.d3 e4
10.d4 Bc5b6
11.Ne2f4 Nd5xf4
12.Bc1xf4 Rf8e8
13.g4 Bf5g6
14.Nb1d2 Qd8d5
15.b3 Re8e7
16.Nd2c4 Ra8e8
17.Nc4xb6 cxb6
18.Rf1e1 Qd5d7
19.d5 Nc6e5
20.Bf4xe5 Re7xe5
21.c4 Qd7e7
22.Re1e3 Qe7d6
23.Qd1c2 Qd6c5
24.a3 b5
25.b4 Qc5xc4
26.Qc2xc4 bxc4
27.Ra1c1 Re5xd5
{ time. }
1-0

[Event "1/32 Finale"]
[Site "www.chess-mail.com"]
[Date "2017.04.20"]
[Round "1"]
[White "Obisporey"]
[Black "Fvdp"]
[WhiteElo "2650"]
[BlackElo "2380"]
[Result "0-1"]
[Round "1"]
1.e4 c5
2.Ng1f3 d6
3.d4 cxd4
4.Nf3xd4 Ng8f6
5.Nb1c3 g6
6.Bf1e2 Bf8g7
7.O-O Nb8c6
8.Bc1e3 O-O
9.Qd1d2 d5
10.Ra1d1 Nc6xd4
11.Qd2xd4 Nf6xe4
12.Qd4xd5 Ne4d6
13.Qd5b3 Bc8e6
14.Nc3d5 Nd6f5
15.c4 Nf5xe3
16.fxe3 Be6xd5
17.Rd1xd5 Qd8c7
18.Rf1d1 Ra8b8
19.Rd5d7 Qc7e5
20.Qb3a3 e6
21.b4 Bg7f6
22.Be2f3 Rf8c8
23.Qa3b3 a5
24.bxa5 Qe5xa5
25.Rd7xb7 Rb8xb7
26.Bf3xb7 Rc8d8
27.Rd1f1 Qa5e5
28.a4 Rd8d2
29.Bb7f3 Bf6g5
30.Rf1e1 Bg5f4
31.Kh1 Bf4xh2
32.Re1d1 Rd2xd1
33.Qb3xd1 Qe5c7
34.g4 Bh2d6
35.Kg2 Bd6c5
36.Qd1b3 Qc7a5
37.Kf1 Qa5d2
38.Qb3b8 Bc5f8
39.Qb8a7 Qd2b4
40.Bf3e2 Bf8e7
41.Kg2 Be7g5
42.a5 Qb4e1
43.Be2f3 Bg5xe3
44.Qa7b8 Kg7
45.Qb8e5 f6
46.Qe5c7 Kh6
47.g5 Kxg5
48.Qc7g3 Qe1xg3
49.Kxg3 e5
50.a6 f5
51.Bf3c6 e4
{ resign }
0-1

[Event "1/32 Finale"]
[Site "www.chess-mail.com"]
[Date "2017.04.20"]
[Round "1"]
[White "Vgrynyuk"]
[Black "Redapond1"]
[WhiteElo "2399"]
[BlackElo "1800"]
[Result "1-0"]
[Round "1"]
1.e4 e5
2.Ng1f3 Nb8c6
3.Bf1b5 a6
4.Bb5a4 Ng8f6
5.O-O Bf8c5
6.c3 O-O
7.d4 exd4
8.e5 Nf6g4
9.cxd4 Bc5b6
10.h3 Ng4h6
11.d5 Nc6e7
12.d6 cxd6
13.exd6 Ne7c6
14.Nb1c3 Qd8f6
15.Nc3d5 Qf6d8
16.Ba4c2 Bb6c5
17.Bc1g5 f6
18.Qd1d3 fxg5
19.Qd3xh7 Kf7
20.Ra1e1 Rf8h8
21.Bc2g6 { resign }
1-0

[Event "Tourn. n9288"]
[Site "www.chess-mail.com"]
[Date "2017.04.21"]
[Round "1"]
[White "Picifarkinca"]
[Black "Sozaro"]
[WhiteElo "1970"]
[BlackElo "2089"]
[Result "0-1"]
[Round "1"]
1.Ng1f3 d5
2.g3 c5
3.Bf1g2 Ng8f6
4.d4 cxd4
5.Qd1xd4 Nb8c6
6.Qd4d1 e5
7.O-O h6
8.Nb1d2 Bf8e7
9.c4 O-O
10.cxd5 Qd8xd5
11.Nd2b3 Qd5b5
12.Qd1c2 Bc8e6
13.Bc1d2 Ra8c8
14.Bd2c3 Rf8d8
15.Rf1d1 Nf6d5
16.Ra1c1 a5
17.Qc2e4 a4
18.Nb3d2 Nd5xc3
19.bxc3 f5
20.Qe4e3 Be7c5
{ resign }
0-1

[Event "Tourn. n9312"]
[Site "www.chess-mail.com"]
[Date "2017.04.21"]
[Round "1"]
[White "Redapond1"]
[Black "Cal"]
[WhiteElo "1700"]
[BlackElo "1730"]
[Result "1-0"]
[Round "1"]
1.d4 d5
2.Bc1f4 Ng8f6
3.Nb1c3 e6
4.e3 a6
5.Ng1f3 h6
6.Bf1d3 Bf8b4
7.O-O Nb8c6
8.a3 Bb4xc3
9.bxc3 O-O
10.Nf3e5 Nc6xe5
11.Bf4xe5 Nf6h7
12.Qd1g4 c6
13.Qg4xg7 { resign }
1-0

[Event "Tourn. n9302"]
[Site "www.chess-mail.com"]
[Date "2017.04.21"]
[Round "1"]
[White "Jjmcbride"]
[Black "Kevinking"]
[WhiteElo "1700"]
[BlackElo "1820"]
[Result "1-0"]
[Round "1"]
1.e4 e6
2.e5 d5
3.d4 c5
4.f4 Bc8d7
5.c4 dxc4
6.d5 exd5
7.Qd1xd5 Bd7c6
8.Qd5xd8 Kxd8
9.Nb1d2 Ng8e7
10.Nd2f3 h6
11.Bf1xc4 Ke8
12.e6 fxe6
13.Bc4xe6 Bc6d5
14.f5 Bd5xe6
15.fxe6 Nb8c6
16.Bc1d2 Ne7f5
17.O-O-O Ra8d8
18.Ng1e2 g5
19.g4 Nf5d4
20.Ne2xd4 Nc6xd4
21.Nf3xd4 Rd8xd4
22.Bd2c3 Rd4xd1
23.Rh1xd1 Rh8g8
24.Rd1d7 { resign }
1-0

[Event "Tourn. n9331"]
[Site "www.chess-mail.com"]
[Date "2017.04.21"]
[Round "1"]
[White "Said1991"]
[Black "Cal"]
[WhiteElo "1809"]
[BlackElo "1740"]
[Result "1-0"]
[Round "1"]
1.e4 e5
2.Ng1f3 d6
3.d4 exd4
4.Nf3xd4 h6
5.Bf1c4 Ng8f6
6.Nb1c3 a6
7.O-O c6
8.Rf1e1 b5
9.e5 bxc4
10.exf6 Bc8e6
11.Nd4xe6 Qd8xf6
12.Ne6c7 Kd8
13.Nc7xa8 Bf8e7
14.Nc3e4 Qf6f5
15.Ne4xd6 Qf5d7
16.Nd6xf7 Kc8
17.Na8b6 { resign }
1-0

[Event "Tourn. n9290"]
[Site "www.chess-mail.com"]
[Date "2017.04.21"]
[Round "1"]
[White "Sorento"]
[Black "Julian"]
[WhiteElo "1849"]
[BlackElo "2010"]
[Result "1-0"]
[Round "1"]
1.Ng1f3 Ng8f6
2.g3 g6
3.Bf1g2 Bf8g7
4.O-O O-O
5.d4 d5
6.Bc1f4 c6
7.a4 Bc8f5
8.Nb1d2 Nb8d7
9.h3 Rf8e8
10.Nf3h4 Bf5e6
11.Nh4f3 Be6f5
12.Nf3h4 e5
13.dxe5 Nf6h5
14.Nh4xf5 gxf5
15.e3 Nh5xf4
16.exf4 Nd7f8
{ time. }
1-0

[Event "Tourn. n9252"]
[Site "www.chess-mail.com"]
[Date "2017.04.21"]
[Round "1"]
[White "Darko10"]
[Black "Rons"]
[WhiteElo "2680"]
[BlackElo "2530"]
[Result "1-0"]
[Round "1"]
1.d4 Ng8f6
2.c4 e6
3.Ng1f3 b6
4.g3 Bc8a6
5.Nb1d2 Ba6b7
6.Bf1g2 c5
7.e4 cxd4
8.O-O d6
9.Nf3xd4 Qd8d7
10.Qd1e2 h5
11.Nd2f3 Nb8c6
12.Bc1g5 Nf6h7
13.Bg5d2 Nh7f6
14.Rf1d1 Nc6xd4
15.Nf3xd4 e5
16.Nd4b5 a6
17.Nb5c3 h4
18.Bd2e3 hxg3
19.hxg3 Ra8c8
20.Ra1c1 Bf8e7
21.b3 Bb7c6
22.Be3xb6 Qd7b7
23.Bb6a5 Bc6d7
24.Nc3d5 Nf6xd5
25.exd5 Be7g5
26.Rc1c3 Qb7a7
27.Ba5b4 Qa7b6
28.Bb4a3 f5
29.c5 dxc5
30.Qe2xe5 Kf7
31.Rc3c4 Bg5f6
32.Qe5e3 Qb6a5
33.Qe3c1 Bf6d4
34.d6 Kg6
35.g4 Rh8e8
36.Bg2b7 Rc8b8
37.gxf5 Bd7xf5
38.Bb7f3 Rb8c8
39.b4 cxb4
40.Rd1xd4 bxa3
41.Rd4g4 Kf7
42.Qc1g5 Rc8xc4
43.Qg5xg7 Ke6
44.Rg4xc4 Qa5e1
45.Kg2 Bf5h3
46.Kxh3 Qe1f1
47.Kg3 Qf1xc4
48.Bf3g4 Kxd6
49.Qg7d7 Kc5
50.Qd7xe8 Qc4xa2
51.Qe8f8 Kd4
52.Qf8g7 Kc5
53.Qg7a7 Kd6
54.Qa7d7 Kc5
55.Qd7e7 { resign }
1-0

[Event "Tourn. n9310"]
[Site "www.chess-mail.com"]
[Date "2017.04.21"]
[Round "1"]
[White "Picifarkinca"]
[Black "Biggles"]
[WhiteElo "2020"]
[BlackElo "2140"]
[Result "1-0"]
[Round "1"]
1.e4 e5
2.Ng1f3 Nb8c6
3.Bf1b5 Nc6d4
4.Nf3xd4 exd4
5.d3 c6
6.Bb5a4 d6
7.O-O Ng8f6
8.c3 dxc3
9.Nb1xc3 Bf8e7
10.Rf1e1 O-O
11.h3 Qd8c7
12.Bc1f4 Bc8e6
13.d4 b5
14.Ba4c2 Qc7d7
15.d5 cxd5
16.exd5 Be6f5
17.Bc2xf5 Qd7xf5
18.Bf4e3 Be7d8
19.Nc3xb5 Nf6e4
20.Nb5xa7 Bd8g5
21.Na7c6 Bg5xe3
22.Nc6e7 Kh8
23.Ne7xf5 Be3xf2
24.Kf1 Bf2xe1
25.Qd1xe1 Rf8e8
26.Qe1h4 Ra8a4
27.Qh4f4 g6
28.Nf5xd6 { resign }
1-0

[Event "Tourn. n9313"]
[Site "www.chess-mail.com"]
[Date "2017.04.21"]
[Round "1"]
[White "Ll69"]
[Black "Azulmarino"]
[WhiteElo "1499"]
[BlackElo "1530"]
[Result "1-0"]
[Round "1"]
1.c4 c5
2.g3 d5
3.cxd5 Qd8xd5
4.Ng1f3 Bc8g4
5.Qd1a4 Nb8c6
6.Qa4xg4 Ng8f6
7.Qg4a4 Nf6g4
8.Qa4xg4 e6
9.a3 h5
10.Qg4a4 Ra8d8
11.Bf1g2 Bf8d6
12.O-O f6
13.Nb1c3 Qd5f5
14.d4 h4
15.Nf3xh4 Rh8xh4
16.Bg2xc6 bxc6
17.Qa4xc6 Ke7
18.gxh4 Qf5g4
19.Qc6g2 Qg4xh4
20.Nc3e4 Rd8h8
21.Ne4xd6 Qh4xd4
22.Qg2xg7 Kxd6
23.Qg7xh8 Qd4g4
24.Kh1 Qg4xe2
25.Bc1f4 e5
26.Qh8xf6 Kd5
27.Qf6xe5 Kc6
28.Qe5xe2 { resign }
1-0

[Event "Tourn. n9313"]
[Site "www.chess-mail.com"]
[Date "2017.04.21"]
[Round "1"]
[White "Azulmarino"]
[Black "Robinjut"]
[WhiteElo "1530"]
[BlackElo "1590"]
[Result "1-0"]
[Round "1"]
1.e4 e5
2.Ng1f3 d6
3.Bf1c4 Nb8c6
4.Nb1c3 a6
5.Nc3d5 Bc8e6
6.d4 Be6g4
7.Bc1g5 f6
8.Bg5e3 Bg4xf3
9.Qd1xf3 Nc6xd4
10.Be3xd4 exd4
11.O-O c5
12.Qf3f5 Ng8e7
13.Qf5h5 Ne7g6
14.Nd5f4 h6
15.Qh5xg6 Kd7
16.Bc4d5 Ra8b8
17.Qg6f7 Qd8e7
18.Bd5e6 Kd8
19.Qf7g6 b5
20.Be6f5 Qe7e5
21.Nf4e6 Ke7
22.f4 Qe5xe4
23.Bf5xe4 Kxe6
24.Ra1e1 Kd7
25.Qg6f7 Bf8e7
26.Be4f5 Kd8
27.Re1xe7 { resign }
1-0

[Event "Tourn. n9264"]
[Site "www.chess-mail.com"]
[Date "2017.04.21"]
[Round "1"]
[White "Bojan"]
[Black "Norlavuaram"]
[WhiteElo "2000"]
[BlackElo "2080"]
[Result "0-1"]
[Round "1"]
1.d4 Ng8f6
2.c4 g6
3.a3 Bf8g7
4.h3 O-O
5.Ra1a2 d5
6.e3 b6
7.b3 Bc8b7
8.Qd1c2 Nb8d7
9.Nb1c3 e5
10.dxe5 Nd7xe5
11.cxd5 Nf6xd5
12.Nc3xd5 Bb7xd5
13.Bc1b2 Ne5d7
14.Ng1e2 Bg7xb2
15.Ra2xb2 Nd7c5
16.Ne2c3 Bd5b7
17.b4 Nc5e6
18.f3 Qd8h4
19.Kd1 Ra8d8
20.Kc1 Qh4e1
21.Nc3d1 c5
22.Qc2a4 cxb4
23.axb4 Rd8c8
24.Kb1 Rf8d8
25.Rb2e2 Rd8xd1
{ resign }
0-1

[Event "Match"]
[Site "www.echecsemail.com"]
[Date "2017.04.21"]
[Round "1"]
[White "Menace"]
[Black "Markos123"]
[WhiteElo "2270"]
[BlackElo "1860"]
[Result "1-0"]
[Round "1"]
1.e4 e5
2.f4 Nb8c6
3.Ng1f3 exf4
4.Bf1c4 Bf8c5
5.d4 Bc5d6
6.O-O Nc6a5
7.e5 Na5xc4
8.exd6 Nc4xd6
9.Bc1xf4 Ng8f6
10.Rf1e1 Nd6e4
11.Nb1d2 Qd8e7
12.Qd1e2 d5
13.Nd2xe4 dxe4
14.Bf4g5 Bc8f5
15.Nf3h4 Qe7e6
16.Nh4xf5 O-O
17.Bg5xf6 Qe6xf5
18.Bf6e5 Ra8c8
19.Qe2xe4 Qf5xe4
20.Re1xe4 Rf8e8
21.Re4f4 f6
22.Be5xf6 gxf6
23.Rf4xf6 Re8e7
24.c4 Rc8e8
25.b3 Kg7
26.Rf6f2 c5
27.dxc5 Re7e4
28.Ra1c1 Re4e6
29.Rc1f1 Re8e7
30.b4 Re6e4
31.Rf2f4 Re4xf4
32.Rf1xf4 Re7e2
33.a4 Kg6
34.a5 Re2b2
35.b5 Rb2b4
36.Rf4d4 h5
37.c6 bxc6
38.bxc6 Rb4b8
39.a6 Rb8c8
40.Rd4d6 Kg5
41.h3 h4
42.Kh2 Kf5
43.g3 Ke5
44.Rd6d7 Rc8a8
45.gxh4 Kf6
46.Rd7b7 Kg6
47.c7 { resign }
1-0

[Event "Match"]
[Site "www.echecsemail.com"]
[Date "2017.04.21"]
[Round "1"]
[White "Said1991"]
[Black "Karlgrocer"]
[WhiteElo "1809"]
[BlackElo "2060"]
[Result "1-0"]
[Round "1"]
1.e4 c5
2.d3 d6
3.Nb1c3 Ng8f6
4.f4 e6
5.Ng1f3 Bf8e7
6.Bf1e2 O-O
7.O-O a6
8.h3 b5
9.a3 Bc8b7
10.Bc1e3 Nf6d7
11.Qd1e1 Nb8c6
12.Qe1g3 f5
13.Nf3g5 Nc6d4
14.Be3xd4 cxd4
15.Ng5xe6 Qd8e8
16.Qg3xg7 { resign }
1-0

[Event "Match"]
[Site "www.echecsemail.com"]
[Date "2017.04.21"]
[Round "1"]
[White "Ditto"]
[Black "Azorau"]
[WhiteElo "1660"]
[BlackElo "1770"]
[Result "1-0"]
[Round "1"]
1.e4 e5
2.Ng1f3 Nb8c6
3.Bf1c4 h6
4.d4 Ng8f6
5.dxe5 Nf6xe4
6.O-O Qd8e7
7.Bc1f4 b6
8.Rf1e1 Ne4c5
9.Nb1c3 Bc8b7
10.Nc3d5 Qe7d8
11.e6 Nc5xe6
12.Nd5xc7 Ke7
13.Qd1d6 Kf6
14.Nc7d5 Kg6
15.Nd5e7 Bf8xe7
16.Qd6d3 f5
17.g4 Nc6b4
18.Qd3xf5 { resign }
1-0

[Event "Match"]
[Site "www.echecsemail.com"]
[Date "2017.04.21"]
[Round "1"]
[White "Guidom"]
[Black "Said1991"]
[WhiteElo "2010"]
[BlackElo "1809"]
[Result "0-1"]
[Round "1"]
1.e4 c6
2.d4 d5
3.exd5 cxd5
4.c3 Ng8f6
5.Ng1f3 Nb8c6
6.Bc1f4 Bc8g4
7.Bf1e2 e6
8.h3 Bg4h5
9.Nb1d2 Bf8d6
10.Bf4g5 h6
11.Bg5e3 O-O
12.O-O Qd8c7
13.a4 a5
14.Be2d3 e5
15.dxe5 Nc6xe5
16.Bd3e2 Bh5g6
17.Nf3xe5 Bd6xe5
18.Nd2f3 Be5d6
19.Be3d4 Nf6e4
20.Be2d3 Rf8e8
21.Rf1e1 Ra8d8
22.Qd1c2 Bd6c5
23.Bd4xc5 Qc7xc5
24.Bd3xe4 dxe4
25.Nf3h4 e3
26.Nh4xg6 exf2
27.Qc2xf2 Qc5xf2
28.Kxf2 fxg6
29.Re1xe8 Rd8xe8
30.Ra1d1 Re8e7
31.Rd1d5 b6
32.Rd5d6 Re7f7
33.Kg1 Rf7f6
34.Rd6xf6 gxf6
35.b4 Kf7
36.Kf2 Ke6
37.Ke3 Kd5
38.Kd3 h5
39.c4 Kc6
40.bxa5 bxa5
41.Kd4 Kd6
42.g4 hxg4
43.hxg4 Kc6
44.c5 f5
45.g5 f4
46.Ke4 Kxc5
47.Kxf4 Kd4
48.Kg3 Ke5
49.Kg4 Ke4
50.Kg3 Kf5
51.Kf3 Kxg5
52.Ke4 Kg4
53.Kd5 Kf5
54.Kc5 g5
55.Kb5 g4
56.Kxa5 g3
57.Kb6 g2
58.a5 g1Q
59.Kb7 Qg1g7
60.Kb6 Qg7f6
61.Kb7 Qf6e7
62.Kb6 Qe7d6
63.Kb7 Ke6
64.a6 Kd7
65.a7 Qd6c6
66.Kb8 Qc6c8
{ resign }
0-1

[Event "Match"]
[Site "www.echecsemail.com"]
[Date "2017.04.21"]
[Round "1"]
[White "Billyg"]
[Black "Cjood"]
[WhiteElo "1610"]
[BlackElo "1699"]
[Result "1-0"]
[Round "1"]
1.e4 c5
2.d4 g6
3.Ng1f3 Bf8g7
4.Bc1d2 cxd4
5.Nf3xd4 Bg7xd4
6.c3 Bd4e5
7.Nb1a3 Qd8b6
8.Na3c4 Qb6f6
9.g3 Nb8c6
10.h4 h5
11.f4 Be5c7
12.Qd1b3 e6
13.O-O-O Ng8e7
14.Bf1d3 a6
15.Nc4e3 Nc6a5
16.Qb3c2 e5
17.Rh1f1 Ne7c6
18.Ne3d5 Qf6d6
19.fxe5 Nc6xe5
20.Bd2f4 O-O
21.Bd3e2 b5
22.Bf4g5 Bc7d8
23.Bg5xd8 Rf8xd8
24.Nd5f6 Kg7
25.Rd1xd6 Na5b7
26.Rd6b6 Nb7c5
27.Nf6d5 d6
28.c4 Bc8d7
29.b4 Nc5b7
30.cxb5 Rd8c8
31.Nd5c3 Rc8xc3
32.Qc2xc3 Ra8c8
33.Qc3xc8 Bd7xc8
34.bxa6 Nb7d8
35.a7 Bc8b7
36.Rb6xb7 Nd8xb7
37.a8Q { resign }
1-0

[Event "Match"]
[Site "www.echecsemail.com"]
[Date "2017.04.21"]
[Round "1"]
[White "Rindrandria"]
[Black "Ranjachess"]
[WhiteElo "1680"]
[BlackElo "1850"]
[Result "0-1"]
[Round "1"]
1.e4 e5
2.c4 Nb8c6
3.Qd1a4 Bf8c5
4.Bf1d3 Qd8f6
5.Ng1f3 d6
6.O-O Bc8g4
7.Bd3e2 O-O-O
8.a3 Bg4d7
9.Nb1c3 Nc6d4
10.Qa4d1 Qf6g6
11.b4 Nd4xe2
12.Qd1xe2 Bc5d4
13.Nc3d5 Bd4xa1
14.Nf3g5 Qg6xg5
15.d3 Qg5g6
16.Nd5e7 Ng8xe7
17.h4 Ne7c6
18.Bc1g5 f6
19.Rf1xa1 fxg5
20.h5 Qg6f6
21.c5 Nc6d4
22.Qe2b2 Nd4f3
23.gxf3 Bd7h3
24.Qb2e2 Rh8f8
25.Qe2e3 g4
26.Ra1a2 Qf6h4
27.fxg4 Qh4xg4
28.Kh2 Qg4g2

0-1

[Event "Match"]
[Site "www.echecsemail.com"]
[Date "2017.04.21"]
[Round "1"]
[White "Cjood"]
[Black "Foxy100"]
[WhiteElo "1810"]
[BlackElo "2210"]
[Result "0-1"]
[Round "1"]
1.Ng1f3 d5
2.d4 Ng8f6
3.Bc1f4 e6
4.Nb1c3 Bf8b4
5.Qd1d3 O-O
6.O-O-O c5
7.Nc3b5 c4
8.Qd3e3 Nf6g4
9.Bf4c7 Qd8e8
10.Qe3g5 Qe8xb5
11.Qg5xg4 Bb4a3
12.bxa3 c3
{ resign }
0-1

[Event "Match"]
[Site "www.echecsemail.com"]
[Date "2017.04.21"]
[Round "1"]
[White "Azorau"]
[Black "Irene"]
[WhiteElo "1820"]
[BlackElo "2150"]
[Result "0-1"]
[Round "1"]
1.c4 d5
2.cxd5 Qd8xd5
3.Nb1c3 Qd5a5
4.Qd1a4 Qa5xa4
5.Nc3xa4 b5
6.Na4c5 e6
7.Nc5e4 Bc8b7
8.Ne4g3 g6
9.d4 Bf8b4
10.Bc1d2 Bb4xd2
11.Kxd2 Nb8c6
12.e3 Ra8d8
13.Bf1xb5 Ng8f6
14.f3 O-O
15.Bb5xc6 Bb7xc6
16.h4 Rd8b8
17.b3 Nf6d5
18.h5 g5
19.Ng3e4 f5
20.Ne4xg5 Rf8f6
21.Ng1e2 h6
22.Ng5h3 Bc6e8
23.Rh1g1 Be8xh5
24.g4 fxg4
25.fxg4 Bh5g6
26.g5 hxg5
27.Nh3xg5 Kf8
28.Rg1h1 Ke7
29.Ra1c1 Kd7
30.Rc1c4 Nd5b4
31.a3 Nb4d5
32.b4 Rf6f5
33.Rh1g1 Rf5f2
34.Ng5h3 Rf2f6
35.Nh3g5 Bg6h5
36.Ng5e4 Rf6f7
37.Ne4c5 Kd6
38.Nc5e4 Ke7
39.Ne2g3 Bh5g6
40.Ne4g5 Rf7f2
41.Ng3e2 Bg6h5
42.Rg1e1 Kd7
43.Kd3 Rb8g8
44.Ng5e4 Bh5g6
45.Ne2g3 Rf2f3
46.Kd2 Rg8h8
47.Ne4c5 Ke7
48.Ng3f1 Rh8h1
49.Ke2 Bg6h5
50.Nf1d2 Rf3xe3
51.Kf2 Rh1xe1
52.Nd2f1 Re3e2
53.Kg1 Nd5e3
{ resign }
0-1

[Event "Match"]
[Site "www.echecsemail.com"]
[Date "2017.04.21"]
[Round "1"]
[White "Azorau"]
[Black "Caspito"]
[WhiteElo "1830"]
[BlackElo "1920"]
[Result "1-0"]
[Round "1"]
1.e4 e5
2.Ng1f3 Nb8c6
3.Bf1c4 h6
4.c3 Bf8c5
5.Nf3g1 Qd8f6
6.Ng1f3 d6
7.d3 Bc8g4
8.h3 Bg4xf3
9.gxf3 Qf6h4
10.Qd1e2 Nc6a5
11.b4 Na5xc4
12.dxc4 Bc5b6
13.Bc1e3 Bb6xe3
14.Qe2xe3 b6
15.Nb1d2 Ng8e7
16.O-O-O Ne7g6
17.Nd2f1 Ng6f4
18.Nf1g3 O-O
19.Rd1g1 Nf4xh3
20.Ng3f5 Qh4xf2
21.Rg1xg7 { resign }
1-0

[Event "1/64 Finale"]
[Site "www.chess-mail.com"]
[Date "2017.04.21"]
[Round "1"]
[White "Vgrynyuk"]
[Black "Sozaro"]
[WhiteElo "1939"]
[BlackElo "1699"]
[Result "1-0"]
[Round "1"]
1.e4 e5
2.Ng1f3 Nb8c6
3.Bf1b5 Ng8f6
4.O-O Nf6xe4
5.Rf1e1 Ne4d6
6.Nf3xe5 Nc6xe5
7.Re1xe5 Bf8e7
8.Bb5f1 O-O
9.d4 b6
10.Nb1c3 Bc8b7
11.Qd1d3 Be7f6
12.Re5e1 Rf8e8
13.Bc1f4 Re8e6
14.g3 Qd8e7
15.Re1d1 g5
16.d5 gxf4
17.dxe6 fxe6
18.Bf1g2 Bb7xg2
19.Kxg2 Qe7g7
20.Kh1 fxg3
21.Rd1g1 Bf6e5
22.fxg3 Kh8
23.Ra1e1 Ra8f8
24.Nc3e4 Nd6xe4
25.Qd3xe4 Be5xb2
26.Rg1f1 Bb2c3
27.Re1d1 Bc3f6
28.Kg2 Qg7e7
29.Qe4a4 d5
30.Rd1d2 a5
31.Rd2f2 Kg7
32.Qa4g4 Kh8
33.Qg4h5 Kg8
34.Rf1e1 e5
35.Re1f1 Kg7
36.Rf2f5 h6
37.h4 Qe7e6
38.Qh5g4 Kh7
39.Qg4f3 e4
40.Qf3f4 Kg7
41.g4 Qe6d6
42.g5 hxg5
43.hxg5 Qd6xf4
44.gxf6 Rf8xf6
45.Rf1xf4 Rf6c6
46.Rf5xd5 Rc6xc2
47.Rf4f2 Rc2c3
48.Rd5g5 Kh6
49.Rg5g4 Kh5
50.Rg4xe4 Rc3d3
51.Rf2c2 Kg6
52.Rc2xc7 Rd3d2
53.Kf3 Rd2xa2
54.Re4e6 Kf5
55.Re6xb6 Ra2a3
56.Ke2 Ke4
57.Kd2 Ra3a1
58.Kc2 Ra1f1
59.Rb6b5 Rf1f2
60.Kc3 Rf2f3
61.Kc4 Rf3f4
62.Rb5xa5 Rf4f1
63.Rc7e7 Kf4
64.Re7f7 { resign }
1-0

[Event "1/128 Finale"]
[Site "www.chess-mail.com"]
[Date "2017.04.21"]
[Round "1"]
[White "Bojan"]
[Black "Julian"]
[WhiteElo "2040"]
[BlackElo "1990"]
[Result "1-0"]
[Round "1"]
1.e4 c5
2.Bf1c4 e6
3.Ng1f3 d6
4.c3 Nb8c6
5.d4 cxd4
6.Nf3xd4 Bf8e7
7.Bc1e3 Ng8f6
8.Nb1d2 Nc6xd4
9.cxd4 O-O
{ time. }
1-0

[Event "1/64 Finale"]
[Site "www.chess-mail.com"]
[Date "2017.04.21"]
[Round "1"]
[White "Llord"]
[Black "Redabond"]
[WhiteElo "1990"]
[BlackElo "1690"]
[Result "1-0"]
[Round "1"]
1.e4 e5
2.Ng1f3 Nb8c6
3.Bf1c4 h6
4.O-O Ng8f6
5.Nb1c3 Bf8c5
6.d3 d6
7.Nc3d5 Nf6xd5
8.Bc4xd5 Bc8d7
9.a3 O-O
10.h3 Qd8f6
11.Bc1e3 Qf6g6
12.Nf3h4 Bc5xe3
13.Nh4xg6 Rf8e8
14.fxe3 Kh7
15.Bd5xf7 Re8f8
16.Ng6xf8 Ra8xf8
17.Bf7g6 Kxg6
18.Rf1xf8 { resign }
1-0

[Event "Tourn. n9315"]
[Site "www.chess-mail.com"]
[Date "2017.04.22"]
[Round "1"]
[White "Sorento"]
[Black "Jackbauer"]
[WhiteElo "2060"]
[BlackElo "1940"]
[Result "1-0"]
[Round "1"]
1.e4 c5
2.Nb1c3 e6
3.f4 Nb8c6
4.Ng1f3 Ng8f6
5.Bf1b5 Qd8c7
6.O-O Bf8e7
7.a4 a6
8.Bb5xc6 Qc7xc6
9.d3 d6
10.h3 h6
11.Bc1e3 O-O
12.g4 Nf6d7
13.f5 e5
14.h4 Nd7f6
15.g5 hxg5
16.hxg5 Nf6g4
17.Be3d2 Qc6b6
18.Nc3d5 Qb6d8
19.Nd5xe7 Qd8xe7
20.Nf3h4 Ng4h6
21.Qd1h5 f6
22.gxh6 Qe7f7
23.h7 { resign }
1-0

[Event "Tourn. n9188"]
[Site "www.chess-mail.com"]
[Date "2017.04.22"]
[Round "1"]
[White "Seger"]
[Black "Aperturaf"]
[WhiteElo "2840"]
[BlackElo "2520"]
[Result "1/2-1/2"]
[Round "1"]
1.d4 e6
2.e4 d5
3.exd5 exd5
4.Ng1f3 Ng8f6
5.Bf1d3 Bf8d6
6.O-O O-O
7.Bc1g5 Bc8g4
8.h3 Bg4h5
9.Nb1d2 h6
10.Bg5h4 Rf8e8
11.c3 Nb8d7
12.Qd1c2 Bh5xf3
13.Nd2xf3 c6
14.Ra1e1 Qd8c7
15.Bh4xf6 Nd7xf6
16.a3 g6
17.g3 Kg7
18.Nf3h4 Bd6xg3
19.fxg3 Re8xe1
20.Rf1xe1 Qc7xg3
21.Nh4g2 Qg3xh3
22.Re1e3 Qh3d7
23.Re3g3 Nf6h5
24.Rg3f3 Ra8e8
25.Qc2f2 Re8e6
26.Ng2e3 Re6f6
27.Rf3xf6 Nh5xf6
28.Qf2g3 Kh7
29.Qg3e5 Qd7e8
30.Ne3g4 Qe8xe5
31.Ng4xe5 Kg7
32.a4 Kf8
33.a5 a6
34.c4 Ke7
35.cxd5 cxd5
36.Bd3c2 Nf6e4
37.Bc2b3 Ne4f6
38.Kg2 g5
39.Bb3a4 h5
40.Ba4d1 { draw }
1/2-1/2

[Event "Tourn. n9296"]
[Site "www.chess-mail.com"]
[Date "2017.04.22"]
[Round "1"]
[White "Prize640"]
[Black "Nimzo"]
[WhiteElo "2400"]
[BlackElo "2720"]
[Result "0-1"]
[Round "1"]
1.e4 e5
2.Ng1f3 Nb8c6
3.Bf1b5 a6
4.Bb5a4 Ng8f6
5.O-O Bf8e7
6.Rf1e1 b5
7.Ba4b3 O-O
8.a4 b4
9.d3 d6
10.Nb1d2 Nc6a5
11.Bb3a2 c5
12.Nd2f1 Bc8e6
 { time }
0-1

[Event "Tourn. n9298"]
[Site "www.chess-mail.com"]
[Date "2017.04.22"]
[Round "1"]
[White "Chessington"]
[Black "Amaya"]
[WhiteElo "1859"]
[BlackElo "2100"]
[Result "1-0"]
[Round "1"]
1.Ng1f3 Ng8f6
2.g3 g6
3.Bf1g2 Bf8g7
4.O-O O-O
5.d3 Nb8c6
6.e4 d6
7.Rf1e1 Bc8g4
8.h3 Bg4d7
9.c4 Qd8c8
10.Kh2 Nf6e8
11.d4 e5
12.Bc1e3 exd4
13.Nf3xd4 Nc6e5
14.Qd1e2 a6
15.f4 Ne5c6
16.Qe2d2 Nc6xd4
17.Be3xd4 Bd7e6
18.b3 c5
19.Bd4xg7 Ne8xg7
20.Nb1c3 Rf8d8
21.f5 gxf5
22.exf5 Be6xf5
23.Nc3d5 Qc8c7
24.Nd5xc7 { resign }
1-0

[Event "Tourn. n9308"]
[Site "www.chess-mail.com"]
[Date "2017.04.22"]
[Round "1"]
[White "Estonia"]
[Black "Picifarkinca"]
[WhiteElo "2080"]
[BlackElo "2010"]
[Result "0-1"]
[Round "1"]
1.e4 e5
2.f4 exf4
3.Ng1f3 d5
4.e5 g5
5.h4 g4
6.Nf3d4 Bf8e7
7.Bf1e2 Be7xh4
8.Kf1 h5
9.d3 Bh4g3
10.Nb1c3 c6
11.Bc1d2 Qd8g5
12.Nd4b3 Qg5xe5
13.d4 Qe5f6
14.Bd2e1 Ng8e7
15.Be2d3 h4
16.Bd3e2 Rh8g8
17.Kg1 f3
18.gxf3 gxf3
19.Be2xf3 Bg3xe1
20.Kf1 Be1xc3
21.bxc3 Rg8g3
22.Nb3d2 Bc8g4
23.Kf2 Nb8d7
24.Rh1g1 Qf6f4
25.Ra1b1 O-O-O
26.a4 Ne7f5
27.a5 Qf4e3
28.Kf1 Rg3xg1
{ resign }
0-1

[Event "Tourn. n9313"]
[Site "www.chess-mail.com"]
[Date "2017.04.22"]
[Round "1"]
[White "Traub"]
[Black "Robinjut"]
[WhiteElo "1440"]
[BlackElo "1590"]
[Result "0-1"]
[Round "1"]
1.d4 d5
2.c4 Ng8f6
3.Nb1c3 dxc4
4.Ng1f3 e6
5.g3 Bf8b4
6.a3 Bb4xc3
7.bxc3 Nf6e4
8.Qd1a4 c6
9.Qa4xc4 Nb8d7
10.Bf1g2 Nd7b6
11.Qc4d3 f5
 { time }
0-1

[Event "Tourn. n9246"]
[Site "www.chess-mail.com"]
[Date "2017.04.22"]
[Round "1"]
[White "Prize640"]
[Black "Goofy"]
[WhiteElo "2400"]
[BlackElo "2340"]
[Result "0-1"]
[Round "1"]
1.e4 e5
2.Ng1f3 Nb8c6
3.Bf1c4 Ng8f6
4.d3 Bf8e7
5.c3 d6
6.Bc4b3 O-O
7.O-O h6
8.Rf1e1 Kh8
9.h3 Nf6h7
10.d4 Nh7g5
11.Nb1d2 f5
12.dxe5 dxe5
13.exf5 Bc8xf5
14.Nf3xg5 Be7xg5
15.Nd2c4 Qd8f6
16.Bc1xg5 Qf6xg5
17.Nc4xe5 Bf5xh3
18.Qd1d5 Nc6xe5
19.Re1xe5 Qg5g6
20.Qd5e4 Qg6xe4
21.Re5xe4 Bh3f5
22.Re4e7 Ra8d8
23.Ra1d1 Rd8xd1
24.Bb3xd1 Rf8d8
25.Bd1f3 Rd8d2
 { time }
0-1

[Event "Tourn. n9206"]
[Site "www.chess-mail.com"]
[Date "2017.04.22"]
[Round "1"]
[White "Mihaiiorga"]
[Black "Traub"]
[WhiteElo "1199"]
[BlackElo "1400"]
[Result "1-0"]
[Round "1"]
1.d3 e5
2.Ng1f3 Nb8c6
3.Nb1d2 d5
4.e4 d4
5.Bf1e2 f5
6.c3 dxc3
7.bxc3 Ng8f6
8.Qd1b3 Bf8d6
9.exf5 Nc6a5
10.Qb3a4 c6
11.Nd2e4 Nf6xe4
12.dxe4 Bc8d7
13.O-O b5
14.Qa4c2 O-O
15.Rf1d1 Na5b7
16.Qc2b3 Kh8
17.Bc1g5 Qd8c7
18.Kh1 Nb7c5
19.Qb3c2 a5
20.Rd1d2 Nc5b7
21.Ra1d1 Rf8f7
22.Qc2b3 Ra8f8
23.Nf3h4 Nb7c5
24.Qb3c2 Bd6e7
25.Bg5xe7 Rf7xe7
26.Rd2d6 Rf8f6
27.Rd6d2 g5
28.Nh4f3 h6
29.a3 Kh7
30.g4  { time }
1-0

[Event "Match"]
[Site "www.echecsemail.com"]
[Date "2017.04.22"]
[Round "1"]
[White "Caspito"]
[Black "Sociopatas"]
[WhiteElo "1920"]
[BlackElo "1809"]
[Result "1-0"]
[Round "1"]
1.e4 c5
2.b3 Nb8c6
3.Bc1b2 Ng8f6
4.e5 Nf6g8
5.Ng1f3 e6
6.c3 d6
7.Bf1b5 Bc8d7
8.Bb5xc6 Bd7xc6
9.O-O dxe5
10.d3 f6
11.Nb1d2 Qd8xd3
12.c4 O-O-O
13.a3 e4
14.Nd2xe4 Bc6xe4
15.Qd1e1 Ng8e7
16.Qe1a5 b6
17.Qa5xa7 Rd8d7
18.Qa7xb6 Rd7b7
19.Qb6xc5 Rb7c7
20.Qc5e3 Qd3xc4
21.bxc4 Ne7d5
22.cxd5 Be4xd5
23.Ra1c1 Bf8c5
24.Rc1xc5 Rh8d8
25.Rc5xc7 Kxc7
26.Qe3c5 Kd7
27.Rf1d1 Rd8c8
28.Qc5b5 Kd6
29.Qb5b6 Rc8c6
30.Qb6b8 Rc6c7
31.a4 h5
32.Bb2a3 Kd7
33.Qb8f8 Kc6
34.Rd1c1 Kb6
35.Rc1xc7 Ka6
36.Qf8d6 Ka5
37.Rc7a7 
1-0